Transitions 2

Guardado en:
Detalles Bibliográficos
Autor principal: Lee, Linda
Formato: Libro
Lenguaje:Undetermined
Publicado: Oxford Oxford University Press 1998
Materias:
Etiquetas: Agregar Etiqueta
Sin Etiquetas, Sea el primero en etiquetar este registro!
Thư viện lưu trữ: Trung tâm Học liệu Trường Đại học Cần Thơ
LEADER 00566nam a2200193Ia 4500
001 CTU_118672
008 210402s9999 xx 000 0 und d
082 |a 428.34 
082 |b L477/Cas.2 
100 |a Lee, Linda 
245 0 |a Transitions 2 
245 0 |c Linda Lee 
260 |a Oxford 
260 |b Oxford University Press 
260 |c 1998 
650 |a English language,English language 
650 |x Study and teaching,Problems, exercises, etc,Textbooks for foreign speakers 
904 |i M.Loan 
980 |a Trung tâm Học liệu Trường Đại học Cần Thơ